000
00261nam a22001217a 4500
008
171018b xxu||||| |||| 00| 0 eng d
041
_a
eng
080
_a
33
100
_a
53
101
_a
MNG
245
_a
PRINCIPLES OF ECONOMICS
_c
CASE, K.E
942
_2
udc
_c
BK
999
_c
34546
_d
34546